000 00295 a2200157 4500
001 171473
020 _a
040 _cMagnum
100 _aAzevedo, Ricardo
240 1 0 _aAquilo
_lpor
245 1 0 _aAquilo
362 0 _a1899
440 1 _aMelhoramentos
697 _aI/GERAL
942 _cBK
999 _c171473
_d171473